The Norton anthology of world masterpieces / (Record no. 12329)

000 -LEADER
fixed length control field 00485cam a2200181 a 4500
020 ## - INTERNATIONAL STANDARD BOOK NUMBER
ISBN 0393963462 (v. 1)
020 ## - INTERNATIONAL STANDARD BOOK NUMBER
ISBN 0393963489 (pbk. : v. 2)
020 ## - INTERNATIONAL STANDARD BOOK NUMBER
ISBN 0393963470 (cloth : v. 2)
040 ## - CATALOGING SOURCE
Transcribing agency DLC
082 00 - DEWEY DECIMAL CLASSIFICATION NUMBER
Classification number 808 WWN 1995 A092 Or.
245 04 - TITLE STATEMENT
Title The Norton anthology of world masterpieces /
250 ## - EDITION STATEMENT
Edition statement Expanded ed.
260 ## - PUBLICATION, DISTRIBUTION, ETC. (IMPRINT)
Place of publication New York :
Name of publisher W.W. Norton,
Year of publication c1995.
300 ## - PHYSICAL DESCRIPTION
Number of Pages 2 v. :
Other physical details ill. ;
Dimensions 24 cm.
650 #0 - SUBJECT ADDED ENTRY--TOPICAL TERM
Topical Term Literature
700 1# - ADDED ENTRY--PERSONAL NAME
Personal name Mack, Maynard,
942 ## - ADDED ENTRY ELEMENTS (KOHA)
Koha item type សៀវភៅភាសាអង់គ្លេស
952 ## - LOCATION AND ITEM INFORMATION (KOHA)
Withdrawn status [LOCAL, KOHA] 0
952 ## - LOCATION AND ITEM INFORMATION (KOHA)
Withdrawn status [LOCAL, KOHA] 0
952 ## - LOCATION AND ITEM INFORMATION (KOHA)
Withdrawn status [LOCAL, KOHA] 0
Holdings
Permanent Location Date acquired Koha item type Lost status Shelving location Barcode Current Location Full call number
Library Block A2017-08-11សៀវភៅភាសាអង់គ្លេស A092A17158Library Block A808 WWN 1995 A092 Or.
Library Block A2017-08-14សៀវភៅភាសាអង់គ្លេស A092A17132Library Block A808 WWN 1995 A092 Or.
Library Block A2017-08-14សៀវភៅភាសាអង់គ្លេស   Library Block A808 WWN 1995 A092 Or.
មជ្ឈមណ្ឌលឯការនៃសាកលវិទ្យាល័យភូមិន្ទកសិកម្មចំការដូង

Powered by Koha